000 01513cam a2200313 4500500
005 20260426020056.0
041 _afre
042 _adc
100 1 0 _aFleury, Martine
_eauthor
245 0 0 _aÊtre ou ne pas être victime...
260 _c2005.
500 _a59
520 _aLa médecine et la psychanalyse m’avaient depuis longtemps appris l’humilité. L’EMDR m’a confortée dans les capacités d’auto-guérison de l’être humain, et dans l’admiration pour cette pulsion de vie qui peut rejaillir des troubles les plus graves, comme le phénix renaît de ses cendres.
520 _aTo be or not to be a victim... Healthcare and psychoanalysis had taught me humility long ago. The EMDR comforted me in the autohealing capacities of the human being, and in the admiration for this life drive that can surge anew from the worst troubles, like a phoenix reborn from its ashes.
690 _aImpuissance médicale
690 _aMouvements oculaires
690 _aPsychothérapie
690 _aStimulations alternées
690 _aStress post- traumatique
690 _aVictime
690 _aAlternate stimu- lation
690 _aEye movement
690 _aMedical incapacity
690 _aPost traumatic disorder
690 _aPsychotherapy
690 _aVictim
786 0 _nImaginaire & Inconscient | 15 | 1 | 2005-03-01 | p. 135-144 | 1628-9676
856 4 1 _uhttps://shs.cairn.info/revue-imaginaire-et-inconscient-2005-1-page-135?lang=fr&redirect-ssocas=7080
999 _c2225399
_d2225398